Turista de mente [juego] : el gran viaje de las preguntas /

Guardado en:
Formato: Objeto Físico
Publicado: Argentina : Color papel, de Mente, c1994.
Materias:
Etiquetas: Agregar Etiqueta
Sin Etiquetas, Sea el primero en etiquetar este registro!
LEADER 00864nrm a22001695g 4500
001 CEM.cems019173
008 130507s1994##################0###0#####d
005 20220829201846.0
003 CEMS
245 0 0 |a Turista de mente [juego] :  |b el gran viaje de las preguntas /  |c Jaime Poniachik, Daniel Samoilivich Y Ruibal 
260 |a Argentina :  |b Color papel, de Mente,  |c c1994. 
300 |a 1 juego (1 tablero, 6 cuadernillos con preguntas y respuestas, 36 tarjetas-souvenir, 6 fichas-turistas, 1 flecha-avión giratoria, 1 dado) ; en caja 36 x 21 x 4 cm. + instrucciones en cada cuadernillo. 
490 J u |g os de mente / de mente 
500 |a Para 2 a 6 jugadores o equipos a partir de 14 años objetivo: ganar 6 tarjetas-souvenir, una de cada color. 
082 0 4 |a J793.73 
653 |a 1. juegos de preguntas y respuestas 
859 |a CEMS  |b BIB. CEMS - Ludoteca  |h J793.73  |i P774  |p 097.96  |t Ej.1